1905 1703 1981 1793 1056 1540 1128 1419 1833 1166 1893 1164 1226 1363 1285 1901 1722 1193 1207 1560 1394 1337 1946 1571 1312 1476 1491 1507 1179 1436 1416 1654 1940 1840 1834 1411 1500 1751 1504 1223 1057 1021 1340 1266 1398 1985 1038 1952 1486 1124 1190 1548 1283 1135 1619 1603 1058 1226 1152 1919 1195 1365 1542 1211 1107 1347 1872 1987 1193 1942 1480 1490 1168 1938 1209 1873 1760 1638 1553 1328 1185 1958 1571 1211 1066 1578 1698 1085 1784 1187 1880 1397 1297 1941 1884 1511 1946 1126 1412 BCNSPRNW ULIB Ver.6.0+V

เปลี่ยนเป็นภาษาไทย

Change to English
 แสดงรายละเอียดบรรณานุกรม
  กลับหน้าหลัก

Brief Record : Get Marc (ISO 2709) : E-mail record : QR code < ปิดหน้าต่าง
LEADER : 00000nam 2200000uu 4500
001    13399126519
003     ULIB
008    181004s2561||||th 000 0 tha d
020    ^a9786164412231
060    ^aWJ300^bว645ด
100    ^aวิมลพรรณ วรรณพฤกษ์
245    ^aดูแลไตไม่ให้เสื่อม
250    ^aพิมพ์ครั้งที่ 3
260    ^aกรุงเทพฯ :^bFeel good Publishing,^c2561
300    ^a176 หน้า;^b19 ซม.
650    ^aไต--โรค--การรักษา
945    ^p139^l0^i26710
945    ^p139^l0^i26711
999    ^aกัณชพร จุลอักษร
รายการนี้ยังไม่มีแท็ก
คุณยังไม่ได้ล็อกอิน คุณสามารถมีกิจกรรมร่วมกับเว็บไซต์ได้ แต่ต้องล็อกอินก่อน ::
  ล็อกอิน

รายการสื่อสารสนเทศ

ลำดับที่ ประเภท เลขเรียก/บาร์โค้ด สถานที่ สถานะ
1. หนังสือสำรอง
หนังสือสำรอง
WJ300 ว645ด ฉ.1 
  Barcode: 26710
ห้องสมุดวิทยาเขตสวรรค์ประชารักษ์
►หนังสือทั่วไป
บนชั้น
2. วิทยาศาสตร์การแพทย์ และสุขภาพ
วิทยาศาสตร์การแพทย์ และสุขภาพ
WJ300 ว645ด ฉ.2 
  Barcode: 26711
ห้องสมุดวิทยาเขตสวรรค์ประชารักษ์
►หนังสือทั่วไป
บนชั้น

รายการใกล้เคียง
    ชื่อเรื่อง [ดูแลไตไม่ให้เสื่อม]

    หัวเรื่อง [ไต--โรค--การรักษา]

BibComment


ยังไม่เคยถูกคอมเมนท์

คอมเมนท์ทรัพยากรรายการนี้
  คอมเมนท์: ดูแลไตไม่ให้เสื่อม


 Copyright 2026. Bcnsprnw @Library